musculo-skeletal system - Statistics

General Stats
  • This quiz has been taken 36 times
  • The average score is 8 of 43
Answer Stats
question Answer % Correct
the skeleton _______ vital organs protects
75%
when the muscles ________ the bone moves contract
66%
name a long bone femur | radius | tibia
63%
our muscles are attached to bones by _______ tendons
63%
name a flat bone ribs | cranium | sternum
47%
skeleton allows movement at ____ joints
44%
like very strong string that holds bones together ligaments
31%
turning about the vertical axis of your body rotation
31%
straightening a limb to increase the angle at a joint extension
28%
bending a limb to decrease the angle at a joint flexion
28%
can be found at the shoulder and hip and allow movement in almostevery direction ball and socket joint
22%
4 fused vertebrae coccyx
22%
name an irregular bone vertebrae
22%
forms a cushion between bones to stop them rubbing cartilage
19%
circular movement of a body part circumduction
19%
these can be found in the elbow and ankle allow movement in onedirection only hinge joint
19%
found only in the heart-this is involuntary cardiac muscle
16%
have a flat surface. their function is to protect you internal organs flat bones
16%
5 fused vertebrae sacrum
16%
compex individual shapes and perform a variety of functions including protection and muscle attachment irregular bones
13%
cylindrical in shape and found in the limbs, their main functionis movement, by acting as a lever long bones
13%
small and compact often equal in length and width. they are designed for strength and weight bearing, short bones
13%
attached to the skeleton/bones-this is voluntary skeletal muscle
13%
relaxes,becomes longer antagonist
9%
similar to a ball and socket joint. found at the wrist condyloid
9%
decreasing the angle at the ankle joint dorsi flexion
9%
what does synovial fluid do lubricates the joint
9%
the upper 24 vertebrae allow ________ movement
9%
this joint can be found in the neck. it allows only rotational movement pivot joint
9%
increasing the angle at the ankle joint plantar flexion
9%
found in the internal organs and blood vessels-this is involuntary smooth muscle
9%
contracts,shortens agonist
6%
muscle work in ____________ pairs antagonistic
6%
the skeleton stores two different minerals called? calcium and phosphorous
6%
vertebral column (7 vertebrae) cervical vertebrae
6%
vertebral column (5 vertebrae) lumbar vertebrae
6%
name a short bone carpals and tarsals
3%
name three things the skeleton produces red blood cells white blood cells platelets
3%
the lower nine vertebrae are _____ fused
3%
phosphorous helps reduce ______ ____ muscle pain
3%
moving a limb away from the mid line of the body shoulder abduction
3%
moving a limb towards the mid line of the body shoulder adduction
3%
vertebral column (12 vertebrae) thoraic vertebrae
3%
No matching quizzes found
Score Distribution
Percent of People with Each Score
Percentile by Number Answered
Your Score History
You have not taken this quiz